000 00437nam a2200157Ia 4500
005 20250508151719.0
008 008 250505s9999 xx 000 0 eng d
037 _aTextual
040 _aFEDL
_beng
_cFEDL
041 _aeng
_2eng
084 _a372, AUS
_qFEDL
245 0 _aPrimary school studies No 1-9
260 _aAustralia
_bMelbourne University Press
_c1952
942 _cTEXL
_h372, AUS
999 _c1331623
_d1331623